Vysoké Tatry Slezský dům u Velického plesa 1680 m

Podrobná bibliografia
Médium: Pohľadnica
Jazyk:čeština
Fyzický popis:1 pohľadnica čiernobiela 9 x 14 cm
Vydavateľské údaje: [Sliezsky dom] Karel Valášek [1926]
Predmet:

MARC

LEADER 00000nkm a2200000 a 4500
001 vtls010860778
003 SK-MaSNL
005 20260512125100.0
007 kp bo
008 231214n1926 xo |g||||| |00 kucze
015 |a SNBG 
035 |a 73FE5A63-6E26-466A-A96F-0B3FE15C0767 
035 |a urn:nbn:sk:snk-kmxzpp 
035 |a urn:nbn:sk:snk-km007bd9 
040 |a SNK  |b slo  |c SNK  |e AACR2 
041 0 |a cze 
043 |a e-xo--- 
044 |a xo  |c SK 
080 |a 913(437.6)  |2 2001 
080 |a (437.6)  |2 2001 
080 |a (084.121)  |2 2001 
245 0 0 |a Vysoké Tatry  |h grafika  |b Slezský dům u Velického plesa 1680 m 
260 |a [Sliezsky dom]  |b Karel Valášek  |c [1926] 
300 |a 1 pohľadnica  |b čiernobiela  |c 9 x 14 cm 
610 2 7 |a Sliezsky dom (Vysoké Tatry, Slovensko)  |2 SNKKA  |9 55569 
651 7 |a Vysoké Tatry (Poľsko a Slovensko : pohorie)  |2 SNKPHgeo  |9 67729 
651 7 |a Velické pleso (Vysoké Tatry, Slovensko)  |2 SNKPH  |9 111561 
655 7 |a miestne pohľadnice  |2 SNKPH  |9 70510 
852 |a Slovenská národná knižnica 
958 |a GC 
958 |a GBN 
958 |a OND 
999 |c 1014230  |d 1016160 
952 |a SNK  |b SNK  |y PREZ  |7 0  |p 17A0639833  |o snkSP 3715/a  |0 0  |1 0  |4 0  |d 2015-08-14  |f 1  |l 0  |r 2026-02-24 13:03:55  |w 2026-02-24